000 00664nam a22001817a 4500
003 OSt
005 20220420114855.0
008 110301s2019 dr c 000 0 spa d
040 _aDO-SdBNP
_bspa
_cBNPHU
082 _axxxx
_bI73r
100 1 _aIsa Contreras, Pavel
_953018
245 1 0 _aResumen 30 años de la convención sobre los derechos del niño en la República Dominicana /
_cPavel Isa Contreras
260 _aSanto Domingo :
_bFondo de las Naciones Unidas para la Infancia (UNICEF).
_bConsejo Nacional para la Niñez y la Adolescencia
_c2019.
300 _a26 p. :
_c28 cm.
590 _aInventariado, 2022/ YL
910 _aYLockward
942 _2ddc
_cLF1
999 _c51548
_d51548